| 000 | 01268nam a22001937a 4500 | ||
|---|---|---|---|
| 003 | NITTTR | ||
| 005 | 20260303114749.0 | ||
| 008 | 260303b |||||||| |||| 00| 0 eng d | ||
| 020 | _a9789394645691 | ||
| 040 |
_bEnglish-Hindi _cIN-NITTTR |
||
| 082 |
_2First _a631.584 _bPRA-A |
||
| 100 |
_aRitik Arya, Renu ayra, R. L. Arya - रितिक आर्य, रेनू आर्य, आर. एल. आर्य _d2023 |
||
| 245 |
_aNatural Farming - प्राकृतिक खेती _hHindi |
||
| 250 | _aFirst | ||
| 260 |
_aNew Delhi, India _bScientific Publishers _c2023 |
||
| 300 |
_a286 p. _c6.30 x 9.40 x 0.80 _fVolume |
||
| 650 |
_aजीरो बजट प्राकृतिक खेती, प्रचलित कृषि पद्धतियों की तुलना, प्राकृतिक खाद, जैविक उर्वरकों का उपयोग, प्राकृतिक कीटनाशक विधियाँ, मृदा और पादप पोषण, स्वास्थ्य, पर्यावरण और खेती के बीच संबंध, गौ पालन और प्राकृतिक कृषि का योगदान _zIndia |
||
| 942 |
_2ddc _cBK _eFirst _n1 |
||
| 999 |
_c35880 _d35880 |
||